|
|
|
|
| LEADER |
00000nab a2200000 a 4500 |
| 001 |
vtls000012203 |
| 003 |
SK-MaSNL |
| 005 |
20260317221311.0 |
| 008 |
140301c1978 xo 0 slo |
| 015 |
|
|
|a SNBRB19rr/mm-uuuuu
|
| 035 |
|
|
|a CL0022297
|
| 040 |
|
|
|a SNKBUCL
|b slo
|c SNKBUCL
|e AACR2
|
| 041 |
0 |
|
|a slo
|
| 044 |
|
|
|a xo
|c SK
|
| 080 |
|
|
|a 02(420+71+489+430.1+73)(048)
|2 1981
|
| 080 |
|
|
|a 71
|2 1981
|
| 080 |
|
|
|a 489
|2 1981
|
| 080 |
|
|
|a 430.1
|2 1981
|
| 080 |
|
|
|a 73)(048)
|2 1981
|
| 100 |
1 |
|
|a Baloghová, Eva
|c (PhDr.)
|4 aut
|9 260401
|
| 245 |
1 |
0 |
|a Základy moderného knihovníctva
|c Eva Baloghová ; Carl M. White
|
| 650 |
0 |
7 |
|a knihovníctvo
|2 SNKPH
|9 1557
|
| 651 |
|
7 |
|a Anglicko
|2 SNKPH
|9 168041
|
| 651 |
|
7 |
|a Kanada
|2 SNKPH
|9 17505
|
| 651 |
|
7 |
|a Dánsko
|2 SNKPH
|9 56311
|
| 651 |
|
7 |
|a Nemecko
|2 SNKPH
|9 21020
|
| 651 |
|
7 |
|a Spojené štáty americké
|2 SNKPH
|9 18262
|
| 655 |
|
7 |
|a články z novín a časopisov
|2 snkbucl
|9 267496
|
| 655 |
|
7 |
|a články z odboru knihovníctvo
|2 snkbucl
|9 166141
|
| 700 |
1 |
|
|a White, Carl M.
|4 aut
|9 1589521
|
| 773 |
0 |
|
|t Knižnice a vedecké informácie
|g Roč. 10, č. 5 (1978), s. 235
|
| 787 |
0 |
8 |
|i Rec.:
|a White, Carl M.
|t Bases of modern librarianship. (Základy moderného knihovníctva)
|d London, Pergamon Press 1969.
|
| 850 |
|
|
|a Slovenská národná knižnica v Martine
|a MTA001
|
| 852 |
|
|
|a SNK
|b KIS3GCP
|
| 958 |
|
|
|a RK
|
| 958 |
|
|
|a KL
|
| 992 |
|
|
|a RBX
|
| 999 |
|
|
|c 3257713
|d 3259643
|